000 004270000a22001690004500
003 MACL
005 20160102122830.0
008 160102b xxu||||| |||| 00| 0 eng d
040 _aMACL
_cMACL
041 _aEnglish
082 _a800/BAR
100 _aBarnes, J Anthony
_926925
245 _aThe Scott Library
260 _bThe Walter Scott Publishing Co.
_aLondon
650 _aLiterature
_926926
942 _cBK
_k800.Piv
_2ddc
999 _c36497
_d36497